Yüklüyor......

Bibliography of doctoral dessertations Science and technology 2016/

Detaylı Bibliyografya
Yazar: Youd Vir Singh
Diğer Yazarlar: Rama Devi Pani S (ed.)
Materyal Türü: Printed Book
Baskı/Yayın Bilgisi: New Delhi: Association of Indian Universities, 2017.
Konular:
LEADER 00720nam a22001817a 4500
020 |a 8175201460 
082 |a 016.360  |b YOU/B 
100 |a Youd Vir Singh  |9 55267 
245 |a Bibliography of doctoral dessertations Science and technology 2016/  |c by Youd Vir Singh and Rama Devi Pani S (ed.) 
260 |a New Delhi:  |b Association of Indian Universities,  |c 2017. 
300 |a 244p. 
650 |a Bibliography Science  |9 55268 
650 |a Bibliography Technology  |9 55269 
650 |a Bibliography  |9 55270 
700 |a Rama Devi Pani S (ed.)  |9 55271 
942 |c BK 
999 |c 137932  |d 137932 
952 |0 0  |1 0  |4 0  |6 016_360000000000000_YOU_B  |7 0  |9 95284  |a SSUS  |b SSUS  |c STACKS  |d 2018-07-03  |g 450.00  |o 016.360 YOU/B  |p 091083  |r 2018-07-03  |w 2018-07-03  |y BK